| 000 | 00764nam a2200241 i 4500 | ||
|---|---|---|---|
| 001 | 71621 | ||
| 003 | ES-MaACL | ||
| 005 | 20250829112154.0 | ||
| 007 | t| | ||
| 008 | 040813s1971 sp ||||1| spa d | ||
| 100 | 1 |
_aGeorge, Pierre. _956386 |
|
| 245 | 1 | 0 |
_aGeografía social del mundo / _cpor Pierre George ; [traducción de J.J. Villaseca]. |
| 250 | _a[1ª ed.]. | ||
| 260 |
_aBarcelona : _bOikos-Tau, _c[1971] |
||
| 300 |
_a123 p. : _bil. ; _c18 cm. |
||
| 490 | 1 |
_aColección "Que sé" ; _v54 |
|
| 650 | 7 |
_aGeografía humana _2embne _9136176 |
|
| 650 | 0 | 7 |
_aGeografía económica _2embne _913077 |
| 700 | 1 |
_aVillaseca, J. J. _9115154 |
|
| 830 | 0 |
_a¿Qué sé? _v54 _9181382 |
|
| 852 |
_aES-MaACL _jC-42039 _bR.79150 |
||
| 999 |
_c71621 _d71621 |
||